The Journal of corporation law

Detalles Bibliográficos
Autor Corporativo: University of Iowa. College of Law
Formato: Revista
Lenguaje:inglés
Publicado: [Iowa City : Ed. University of Iowa, College of Law]
Materias:
Acceso en línea:Acceso restringido

MARC

LEADER 00000nas a2200000 4500
005 20140505181220.0
007 cr anunnnuuuaa
008 751022c19759999iau p s gv 0 eng d
022 0 |a 0360-795X 
035 |a 5425 
040 |d BUS  |d vLex 
090 |c 4916  |d 4916 
245 3 4 |a The Journal of corporation law  |h [Recurso electrn̤ico] 
256 |a Servicio en lƯ̕nea. 
260 |a [Iowa City :  |b Ed. University of Iowa, College of Law] 
300 |a 1 recurso electrn̤ico 
310 |a Quatrimestral 
506 1 |a Contenido disponible en los productos indicados  |d vLex Global  |d vLex Global (Academic Edition, excluding Law Schools)  |d vLex Global (Academic Edition, Law Schools) 
650 0 4 |a Sociedades  |x Derecho  |z Estados Unidos  |x Publicaciones perid̤icas. 
710 2 |a University of Iowa.  |b College of Law. 
740 0 |a vLex Revistas (Servicio en lƯ̕nea) 
856 4 0 |u http://vlex.com/source/the-journal-of-corporation-law-5425  |z Acceso restringido 
942 |c REV 
999 0 |a Corporations